000 01333nam0a22002651 4500
001 rc\3747944
005 20260407123532.0
021 _aRU
_bРг13988-73
035 _a(NLR Aleph) 007788544
090 _a7640484
_c7640484
100 _a20130115d1971 |||y0rusy50 ca
101 0 _arus
102 _aRU
105 _ay z |||||
200 1 _a[Список литературы о руководящей роли КПСС в коммунистическом строительстве и усилении обороноспособности страны]
_fЦентральная военно-морская б-ка
210 _aЛенинград
_cБ. и.
_d1971
215 _a[4] с.
_d19
300 _aНа тит. л. обращение: Товарищи офицеры!..
532 1 2 _aСписок литературы о руководящей роли Коммунистической партии Советского Союза в коммунистическом строительстве и усилении обороноспособности страны
712 0 2 _aЦентральная военно-морская библиотека
_cЛенинград
_3RU\NLR\AUTH\889962853
_9422007
801 0 _aRU
_bNLR
_gpsbo
801 1 _aRU
_bELAR
_2rusmarc
852 _aNLR
_jКн600/13
942 _cBOOK
980 _aNB